000 00447nam a2200193Ia 4500
005 20250603145040.0
008 250603s9999 xx 000 0 und d
020 _a9780702051326
050 _aQM 23.2 .D73/
100 _aDrake, Richard L.
245 0 _aGray’s anatomy for students
250 _a3rd ed.
260 _aPhiladelphia
260 _bElsevier
260 _c2015
300 _a1161 p
650 _aPhiladelphia
942 _cBK
999 _c40721
_d40721